Statistics for Top Ten Most Powerfull Militaries

Click here to take the quiz!

General Stats

  • This quiz has been taken 20 times
  • The average score is 9 of 10

Answer Stats

Hint Answer % Correct
Rank 1United States
100%
Rank 2Russia
100%
Rank 3China
100%
Rank 5France
100%
Rank 6United Kingdom
100%
Rank 4India
93%
Rank 8Japan
93%
Rank 10Germany
93%
Rank 9Turkey
86%
Rank 7South Korea
79%

Score Distribution

Percentile by Number Answered

Percent of People with Each Score

Your Score History

You have not taken this quiz